000
00217 a2200097 4500
001
28406
100
_a
Horonjee, R
245
_a
Planning and design of Air Ports
260
_a
_b
McGraw-Hill
_c
090
_c
19012
_d
19012
942
_a
NUST-CAE
_c
M
_c
10017
999
_c
263479
_d
263479